00731cam a22002413a 45000010005000000030006000050050017000110080041000280400015000690420007000840500007000911000035000982450076001332600029002095060030002385160020002686530017002886530039003056530042003446530034003868300028004208560041004485957PGUSA20140828083126.0040601s2004||||xxu|||||s|||||000 | eng d aPGUSAbeng adc 4aLB1 aShedlock, Marie L.,d1854-193514aThe Art of the Story-Tellerh[electronic resource] /cMarie L. Shedlock bProject Gutenberg,c2004 aPublic domain in the USA. aElectronic text aStorytelling aChildren's stories -- Bibliography aChildren's literature -- Bibliography aChildren -- Books and reading 0aProject Gutenbergv595740uhttp://www.gutenberg.org/ebooks/5957